A lineage of grace : (Record no. 29878)

MARC details
000 -LEADER
fixed length control field 01675cam a22003854a 4500
001 - CONTROL NUMBER
control field 318192009
003 - CONTROL NUMBER IDENTIFIER
control field OCoLC
005 - DATE AND TIME OF LATEST TRANSACTION
control field 20240626150002.0
008 - FIXED-LENGTH DATA ELEMENTS--GENERAL INFORMATION
fixed length control field 090408s2009 ilu 000 1 eng
010 ## - LIBRARY OF CONGRESS CONTROL NUMBER
LC control number 2009014398
020 ## - INTERNATIONAL STANDARD BOOK NUMBER
International Standard Book Number 9780842356329
Qualifying information sc
-- alkaline paper
020 ## - INTERNATIONAL STANDARD BOOK NUMBER
International Standard Book Number 0842356320
Qualifying information sc
-- alkaline paper
020 ## - INTERNATIONAL STANDARD BOOK NUMBER
International Standard Book Number 9781448797394
Qualifying information PawPrnt
020 ## - INTERNATIONAL STANDARD BOOK NUMBER
International Standard Book Number 144879739X
Qualifying information PawPrnt
035 ## - SYSTEM CONTROL NUMBER
System control number (OCoLC)318192009
040 ## - CATALOGING SOURCE
Original cataloging agency DLC
Language of cataloging eng
Transcribing agency DLC
Modifying agency BTCTA
-- OEM
-- IHI
-- YDXCP
-- IGP
-- OCLCQ
-- BDX
-- FCX
050 00 - LIBRARY OF CONGRESS CALL NUMBER
Classification number PS3568.I83165
Item number L56 2009
082 00 - DEWEY DECIMAL CLASSIFICATION NUMBER
Classification number 813/.54
Edition number 22
100 1# - MAIN ENTRY--PERSONAL NAME
Personal name Rivers, Francine,
Dates associated with a name 1947-
Authority record control number https://id.loc.gov/authorities/names/n93014138.
245 12 - TITLE STATEMENT
Title A lineage of grace :
Remainder of title five stories of unlikely women who changed eternity /
Statement of responsibility, etc. Francine Rivers.
260 ## - PUBLICATION, DISTRIBUTION, ETC. (IMPRINT)
Place of publication, distribution, etc. Carol Stream, Ill. :
Name of publisher, distributor, etc. Tyndale House Publishers,
Date of publication, distribution, etc. 2009.
264 #1 - PRODUCTION, PUBLICATION, DISTRIBUTION, MANUFACTURE, AND COPYRIGHT NOTICE
Place of production, publication, distribution, manufacture Carol Stream, Ill. :
Name of producer, publisher, distributor, manufacturer Tyndale House Publishers,
Date of production, publication, distribution, manufacture, or copyright notice 2009.
300 ## - PHYSICAL DESCRIPTION
Extent xii, 542 pages ;
Dimensions 23 cm.
336 ## - CONTENT TYPE
Content type term text
Content type code txt
Source rdacontent.
337 ## - MEDIA TYPE
Media type term unmediated
Media type code n
Source rdamedia.
338 ## - CARRIER TYPE
Carrier type term volume
Carrier type code nc
Source rdacarrier.
505 0# - FORMATTED CONTENTS NOTE
Formatted contents note Unveiled -- Unashamed -- Unshaken -- Unspoken -- Unafraid.
520 ## - SUMMARY, ETC.
Summary, etc. Tamar, Rahab, Ruth, Bathsheba, Mary, five women-- all chosen by God.
650 #0 - SUBJECT ADDED ENTRY--TOPICAL TERM
Topical term or geographic name as entry element Women in the Bible
Form subdivision Fiction.
Authority record control number https://id.loc.gov/authorities/subjects/sh2008113701.
650 #0 - SUBJECT ADDED ENTRY--TOPICAL TERM
Topical term or geographic name as entry element Christian fiction, American.
Authority record control number https://id.loc.gov/authorities/subjects/sh86007284.
655 #0 - INDEX TERM--GENRE/FORM
Genre/form data or focus term Christian fiction, American.
655 #7 - INDEX TERM--GENRE/FORM
Genre/form data or focus term Biographical fiction.
Source of term lcgft
Authority record control number https://id.loc.gov/authorities/genreForms/gf2014026246.
655 #7 - INDEX TERM--GENRE/FORM
Genre/form data or focus term Bible fiction.
Source of term lcgft
Authority record control number https://id.loc.gov/authorities/genreForms/gf2014026240.
942 ## - ADDED ENTRY ELEMENTS (KOHA)
Koha item type Libro/Book
Holdings
Withdrawn status Lost status Damaged status Not for loan Home library Current library Shelving location Date acquired Inventory number Total Checkouts Full call number Barcode Date last seen Price effective from Koha item type Checked out Date checked out
        San Juan Del Sur -- Biblioteca San Juan Del Sur -- Biblioteca English 26/06/2024 Inventory date: 15-5-25   F 30030592 26/06/2024 26/06/2024 Libro/Book    
        San Juan Del Sur -- Biblioteca San Juan Del Sur -- Biblioteca   27/01/2026   2 F 30028638 20/03/2026 27/01/2026 Libro/Book 27/03/2026 20/03/2026

Powered by Koha